00518 2200193 4500001002100000005001500021035002000036245005900056100001600115300003000131260003600161082001200197084001800209020002200227600002400249990001700273990001700290990001700307INLIS00000000000115320250903075010 a0010-09250000071 aRahasia Keberhasilan Bisnis Ala Khadijah /cUmi Dillah0 aDillah, Umi a152 hlm ;c12,5 X 18,5 cm aYogyakarta :bYash Media,c2024 a297.273 a297.273 DIL r a978-623-10-0104-7 4aBisnis Ala Khadijah a3853/PP/2025 a3854/PP/2025 a3855/PP/2025